Ladislav Gatial dizajnér v tieni národného podniku

Bibliographic Details
Main Author: Lutherová, Silvia (Author)
Format: Article
Language:Slovak
PhysicalDescription:Fotogr.
ISSN:1335-034X
Subjects:

MARC

LEADER 00000nab a2200000 a 4500
001 vtls008305528
003 SK-MaSNL
005 20260303073413.0
008 140328c2005 xo zr|p|||||||000 b|slo
015 |a SNBRB2005/10  |2 snkbucl 
038 |a SNKBUCL 
040 |a SNKBUCL  |b slo  |c SNKBUCL  |e AACR2 
041 0 |a slo 
044 |a xo  |c SK 
080 |a 7.05.071.1:684.4  |2 1997 
080 |a 684.4:7.05  |x (437.6)  |2 1997 
080 |a 658.512.2:684.4  |x (437.6)  |2 1997 
100 1 |a Lutherová, Silvia  |4 aut  |9 267120 
245 1 0 |a Ladislav Gatial  |b dizajnér v tieni národného podniku  |c Silvia Lutherová 
300 |b Fotogr. 
504 |a Bibliogr. odkazy 
600 1 7 |a Gatial, Ladislav,  |d 1929-1979  |2 snkbucl  |9 215682 
650 0 7 |a nábytkový dizajn  |2 snkbucl  |9 765 
773 0 |t Designum  |g Roč. XI, č. 3 (2005), s. 16-18  |x 1335-034X 
852 |a SNK  |b KIS3GCP 
958 |a SK 
958 |a NB 
999 |c 1767539  |d 1769469